000 00376nam a2200145Ia 4500
008 231129s1991||||xx |||||||||||||| ||spa||
020 _a958-9043-78-X
040 _bspa
082 _aCo864.4 R918L
100 _aLópez Michelsen Alfonso
245 0 _aTomás Rueda Vargas
260 _c1991
264 _aProcultura
942 _2ddc
_cBKS
999 _c25505
_d25505